| 000 | 01921nam0a2200325 4500 | ||
|---|---|---|---|
| 001 | RU\NLR\bibl\1070805 | ||
| 005 | 20260407155719.0 | ||
| 021 |
_aRU _b2007-12815 _9681 |
||
| 035 | _a(NLR Aleph) 001058037 | ||
| 090 |
_a920735 _c920735 |
||
| 100 | _a20070410d2006 |||y0rusy50 ca | ||
| 101 | 0 | _arus | |
| 102 | _aRU | ||
| 105 | _aa ||||||||| | ||
| 200 | 1 |
_aСборник научных трудов молодых ученых и студентов филиала МГУПИ в г. Угличе _fФедер. агентство по образованию, Гос. образоват. учреждение высш. проф. образования, Моск. гос. ун-т приборостроения и информатики _g[науч. ред. проф., к. ф.-м. н. Каниовский С. С., доц., д. э. н. Бондарчук Н. В.] |
|
| 210 |
_aМосква _cМосковский государственный университет приборостроения и информатики _d2006 |
||
| 215 |
_a101 с. _cил. _d21 |
||
| 300 | _aЗагл. обл.: Сборник научных трудов | ||
| 320 | _aБиблиогр. в конце ст. | ||
| 512 | 1 | _aСборник научных трудов | |
| 606 | 1 |
_aВысшие учебные заведения _jСборники _xНаучно-исследовательская работа студентов _yРоссийская Федерация _92461747 _3RU\NLR\auth\661462697 |
|
| 686 | _aЧ481.268я43 | ||
| 702 | 1 |
_aКаниовский _bС. С. _4340 |
|
| 711 | 0 | 2 |
_aМосковский государственный университет приборостроения и информатики _bФилиал _cУглич _3RU\NLR\AUTH\8810097143 _9695416 |
| 801 | 0 |
_aRU _bNLR _c20070410 _gRCR |
|
| 801 | 1 |
_aRU _bNLR _c20070410 |
|
| 942 | _cBOOK | ||
| 980 | _aNB | ||